000 00687nam a2200217Ii 4500
003 JO-AjNU
008 230606s9999||||xx |||||||||||||| ||und||
020 _a978-1-62618-090-1
040 _aJO-AjNU
_beng
_erda
_cJO-AjNU
041 _aeng
050 1 4 _aQA76.9.V5.V565.2013
100 3 _aTrautman,steohanie,
_eauthor
_93502
245 0 0 _aVirtual Environments Developments, Applications And Challenges
250 _a2 ed
264 3 1 _aNova publishers:New york,2013
300 _a178p
336 _atext
_btxt
_2rdacontent
337 _aunmediated
_bn
_2rdamedia
338 _avolume
_bnc
_2rdacarrier
650 4 _aVirtual Environments Developments, Applications And Challenges
_93503
999 _aE1827
_c1827
_d1827